| 000 | 02518nam a2200337 4500 | ||
|---|---|---|---|
| 001 | 51 | ||
| 003 | OSt | ||
| 005 | 20250528074010.0 | ||
| 008 | 250122b |||||||e |||| 00| 1 eng d | ||
| 040 | _bpor | ||
| 041 |
_hspa _apor |
||
| 082 |
_a863 _bB467c |
||
| 100 | 1 |
_aBenítez, J. J., _d1946- _9143 |
|
| 240 | _aCaballo de Troya 2 | ||
| 245 |
_aOperação Cavalo de Troia: _bSegunda Viagem / _cBenitez, J. J. ; Tradução de Herminio Tricca |
||
| 260 |
_aSão Paulo _bMercuryo _c1988 |
||
| 300 | _a493 p. | ||
| 490 | 1 |
_aCavalo de Troia _vvol. 02 |
|
| 500 | _aCavalo de Troia Massada | ||
| 520 | _aJ.J. Benítez publica a segunda parte do famoso diário de Jasão, o major norte-americano que viajou no tempo de volta à época de Jesus de Nazaré. Se em Cavalo de Troia 1 Jerusalém, armava-se que os evangelistas não haviam contado a verdade sobre o Nazareno, nesta nova obra isso volta a ser revelado. E J. J. Benítez faz isso em mais dois obscuros e fascinantes capítulos da vida de Jesus: suas aparições depois de morto e sua infância. Conheça como foi preparada essa segunda viagem à Palestina do ano 30. Saiba também algo que o mundo ignorou: o diabólico plano russo-norte-americano Rapto de Europa. Quanto às descobertas de Jasão nessa segunda exploração, eis aqui algumas reveladas em Cavalo de Troia 2 Massada: você sabia, por exemplo, que na chamada 'última ceia' muitas das palavras do Galileu foram manipuladas e ignoradas pelos sucessores de São Pedro? Sabia que as aparições do Mestre depois de sua ressurreição foram mais numerosas que as relatadas pelos Evangelhos? Imaginava que Maria, a mãe do Filho do Homem, teria sido qual cada hoje como 'nacionalista'? E a quantidade de informações de Cavalo de Troia 2 Massada vai emocioná-lo ou irritá-lo, mas não o deixará indiferente. 'Esse Jesus da série Cavalo de Troia, muito mais humano, próximo e, ao mesmo tempo, Deus, impressionou-me. Era oque eu necessitava e buscava há muito tempo (...). Ler Cavalo de Troia é conseguir um passaporte para a certeza. Cavalo de Troia tem a virtude de não deixar ninguém indiferente e de mexer com o mais íntimo de cada ser humano.' | ||
| 650 | 0 |
_aLiteratura espanhola _9144 |
|
| 650 | 0 |
_aFicção Científica _963 |
|
| 650 | 0 |
_aViagem no tempo _9145 |
|
| 650 | 0 |
_aAção _964 |
|
| 650 | 0 |
_aReligião _9100 |
|
| 655 | 0 |
_aRomance _923 |
|
| 655 | 0 |
_aFicção _922 |
|
| 700 |
_aHerminio Tricca _eTradutor _9146 |
||
| 830 |
_aCavalo de Troia _vvol. 02 _9147 |
||
| 942 |
_2ddc _n0 _cBK |
||
| 999 |
_c51 _d51 |
||